000 00448nam a2200169Ia 4500
008 230524s9999 xx 000 0 und d
082 _a330
_bKEA
100 _aBarry Keating
245 0 _aManagerial Economics An Economic Foundation for Business Decissions
250 _a2ND
260 _aNEW DELHI
_bbiztantra
_c2007
300 _aVII;725
500 _aQuantity Number: 2
650 _aEconomics
700 _a J.Holton Wilson
942 _cBK
999 _c43890
_d43890